1686 1777 1059 1142 1030 1771 1374 2000 1886 1841 1748 1067 1845 1782 1668 1790 1841 1328 1907 1601 1599 1110 1714 1045 1627 1748 1671 1836 1894 1624 1688 1916 1980 1430 1714 1825 1401 1285 1044 1715 1217 1046 1277 1405 1499 1733 1441 1717 1893 1308 1176 1920 1066 1692 1537 1782 1868 1643 1709 1316 1076 1395 1699 1939 1258 1198 1378 1011 1324 1555 1109 1615 1164 1123 1306 1082 1489 1900 1589 1780 1084 1281 1096 1907 1997 1281 1799 1084 1154 1838 1647 1843 1397 1324 1581 1833 1081 1126 1408 BCNSPRNW ULIB Ver.6.0+V

เปลี่ยนเป็นภาษาไทย

Change to English
 แสดงรายละเอียดบรรณานุกรม
  กลับหน้าหลัก

Brief Record : Get Marc (ISO 2709) : E-mail record : QR code < ปิดหน้าต่าง
LEADER : 00000nam 2200000uu 4500
001    13399121379
003     ULIB
008    020711s2554 th a 000 0 tha d
099    วจ.WA590^bม155ก
100    มนทรัตม์ ถาวรเจริญทรัพย์
245    การประเมินผลลัพธ์ของการดำเนินมาตรการสร้างเสริมสุขภาพ: การพัฒนาแนวทางการกำหนดเป้าหมายและตัวชี้วัดของการดำเนินงานสร้างเสริมสุขภาพของ สสส. โดยใช้ข้อมูลจากการศึกษาต้นทุนความเจ็บป่วย/^cมนทรัตม์ ถาวรเจริญทรัพย์ และคณะ
260    นนทบุรี :^bสถาบันวิจัยระบบสาธารณสุข,^c2554
300    135 หน้า
650    สร้างเสริมสุขภาพ^xวิจัย
945    ^p0^l0^i033103
999    ^aใช้งานได้ทุกระบบ
รายการนี้ยังไม่มีแท็ก
คุณยังไม่ได้ล็อกอิน คุณสามารถมีกิจกรรมร่วมกับเว็บไซต์ได้ แต่ต้องล็อกอินก่อน ::
  ล็อกอิน

รายการสื่อสารสนเทศ

ลำดับที่ ประเภท เลขเรียก/บาร์โค้ด สถานที่ สถานะ
1. งานวิจัย
งานวิจัย
วจ.WA590 ม155ก ฉ.1 
  Barcode: 033103
ห้องสมุดวิทยาเขตสวรรค์ประชารักษ์
►วิจัย
บนชั้น

รายการใกล้เคียง
    ผู้แต่ง [มนทรัตม์ ถาวรเจริญทรัพย์]

BibComment


ยังไม่เคยถูกคอมเมนท์

คอมเมนท์ทรัพยากรรายการนี้
  คอมเมนท์: การประเมินผลลัพธ์..


 Copyright 2026. Bcnsprnw @Library